00370nam a22001457a 450000500170000000800410001702000220005804100080008008200100008810000280009824500180012626000300014430000100017465000400018420260425124311.0260425b |||||||| |||| 00| 0 eng d a978-93-92323-12-6 aeng a294.5 aAcharya Sadhwi Devpriya aSwadhyayamrit aHARIDWARbDIVYA PRAKASHAN a200;P aHinduism / Indian religious thought